| 000 | 00511nam a2200181Ia 4500 | ||
|---|---|---|---|
| 008 | 240925s9999 xx 000 0 und d | ||
| 020 | _a9781498745765 | ||
| 082 | _a621.384192 ERO | ||
| 100 | _aEroglu, Abdullah | ||
| 245 | 0 | _aLinear and Switch-Mode RF Power Amplifiers: Design and Implementation Methods | |
| 250 | _aNA | ||
| 260 |
_aNew York: _bCRC Press _c,2018. |
||
| 300 |
_a443p. _b0 _fOriginal |
||
| 500 | _aIncludes Index | ||
| 600 | _aElectrical Engineering | ||
| 650 | _aTechnology | ||
| 942 | _cBK | ||
| 999 |
_c14182 _d14182 |
||